Chemistry for science and engineering / (Record no. 9017)
[ view plain ]
| 000 -LEADER | |
|---|---|
| fixed length control field | 00804nam a22002651a 4500 |
| 001 - CONTROL NUMBER | |
| control field | 9017 |
| 003 - CONTROL NUMBER IDENTIFIER | |
| rucl marc code | BD-RjUL |
| 005 - DATE AND TIME OF LATEST TRANSACTION | |
| control field | 20211208234712.0 |
| 008 - FIXED-LENGTH DATA ELEMENTS--GENERAL INFORMATION | |
| fixed length control field | 140120s1981 enk 000 0 eng d |
| 020 ## - INTERNATIONAL STANDARD BOOK NUMBER | |
| International Standard Book Number | 0070923728 |
| 035 ## - SYSTEM CONTROL NUMBER | |
| System control number | CURL 018334000863(Cam) from tjkc9 |
| -- | (BD-RjUL)9062 |
| 040 ## - CATALOGING SOURCE | |
| Original cataloging agency | BD-RjUL |
| Language of cataloging | eng |
| Transcribing agency | BD-RjUL |
| Modifying agency | BD-RjUL |
| 041 ## - LANGUAGE CODE | |
| Language code of text/sound track or separate title | eng |
| 082 ## - DEWEY DECIMAL CLASSIFICATION NUMBER | |
| Edition number | 540 |
| Author mark and year | BRC |
| Classification number | 540 |
| 100 1# - MAIN ENTRY--PERSONAL NAME | |
| Personal name | Breck, W. G. |
| 9 (RLIN) | 27995 |
| 245 10 - TITLE STATEMENT | |
| Title | Chemistry for science and engineering / |
| Statement of responsibility, etc. | W.G. Breck, R.J.C. Brown, J.D. McCowan |
| 260 ## - PUBLICATION, DISTRIBUTION, ETC. (IMPRINT) | |
| Place of publication, distribution, etc. | Toronto ; |
| -- | London : |
| Name of publisher, distributor, etc. | McGraw-Hill, |
| Date of publication, distribution, etc. | c1981 |
| 300 ## - PHYSICAL DESCRIPTION | |
| Pagination | 721 p. ; |
| Size | 25 cm |
| 500 ## - GENERAL NOTE | |
| General note | Includes bibliographies and index |
| General note | Text on lining papers |
| 650 #0 - SUBJECT ADDED ENTRY--TOPICAL TERM | |
| Topical term or geographic name as entry element | Chemistry |
| 9 (RLIN) | 27996 |
| 700 1# - ADDED ENTRY--PERSONAL NAME | |
| Personal name | Brown, R. J. C. |
| Personal name | McCowan, J. D. |
| 942 ## - ADDED ENTRY ELEMENTS (KOHA) | |
| Source of classification or shelving scheme | Dewey Decimal Classification |
| Koha item type | Books |
| Lost status | Source of classification or shelving scheme | Damaged status | Not for loan | Collection code | Permanent Location | Current Location | Shelving location | Date acquired | Source of acquisition | Cost, normal purchase price | Total Checkouts | Full call number | Date last seen | Copy number | Koha item type |
|---|---|---|---|---|---|---|---|---|---|---|---|---|---|---|---|
| Dewey Decimal Classification | Not For Loan | Non-fiction | Central Library, University of Rajshahi | Central Library, University of Rajshahi | 18/10/1940 | Canada Govt gift | 0.00 | 540 BRC 1981 | 20/01/2014 | C-1 | Books | ||||
| Dewey Decimal Classification | Non-fiction | Central Library, University of Rajshahi | Central Library, University of Rajshahi | 18/10/1990 | Canada | BRC 540 1981 | 21/05/2017 | C-2 | Books |